[Event "XIX Dobczyce'2011"]
[Site "Dobczyce, ul. Gorska 31"]
[Date "2011.??.??"]
[Round "6.3"]
[White "Sleczka, Bartosz"]
[Black "Chmiel, Marcin"]
[Result "1-0"]
[WhiteElo "1881"]
[BlackElo "1865"]
[PlyCount "95"]
[EventDate "2011.??.??"]

1. e4 c5 2. Nf3 Nc6 3. d4 cxd4 4. Nxd4 g6 5. Be3 Nf6 6. Nc3 Bg7 7. Bc4 O-O 8.
Bb3 d6 9. h3 Na5 10. O-O b6 11. Nde2 Bb7 12. Ng3 Rc8 13. Qe2 a6 14. Rfd1 Qc7
15. Na4 Nd7 16. Bd4 b5 17. Nc3 Nc4 18. Nd5 Bxd5 19. exd5 Rfe8 20. c3 Ndb6 21.
Bxg7 Kxg7 22. Rd4 e6 23. dxe6 Rxe6 24. Qg4 Kh8 25. Qf4 Qe7 26. Rdd1 Rc5 27.
Rab1 a5 28. Bc2 Rce5 29. Qd4 Kg8 30. Kh2 f5 31. a4 h5 32. axb5 h4 33. Nf1 Rxb5
34. Bd3 Rc5 35. b4 axb4 36. Rxb4 d5 37. Bxc4 Re4 38. Bxd5+ Rxd5 39. Qxb6 Rxd1
40. Qxg6+ Kh8 41. Qh5+ Kg7 42. Qxd1 Rxb4 43. cxb4 Qxb4 44. Qd7+ Kf6 45. Qd8+
Kg6 46. Qg8+ Kf6 47. Qh8+ Kg6 48. Qe8+ 1-0

[Event "XIX Dobczyce'2011"]
[Site "Dobczyce, ul. Gorska 31"]
[Date "2011.??.??"]
[Round "6.4"]
[White "Klementys, Jerzy"]
[Black "Lach, Piotr"]
[Result "0-1"]
[WhiteElo "1802"]
[BlackElo "2187"]
[PlyCount "72"]
[EventDate "2011.??.??"]

1. d4 f5 2. c4 Nf6 3. Nf3 g6 4. g3 Bg7 5. Bg2 O-O 6. O-O d6 7. Nc3 e6 8. Re1
Ne4 9. e3 Nc6 10. a3 Nxc3 11. bxc3 e5 12. a4 Na5 13. Qe2 Be6 14. d5 Bd7 15. Bf1
Nb3 16. Ra3 Nc5 17. a5 Qf6 18. Bg2 Rae8 19. Qc2 g5 20. Ra1 g4 21. Nd2 e4 22.
Ra3 Nd3 23. Re2 h5 24. Qb1 h4 25. Bb2 Bc8 26. Rb3 Kf7 27. Ba3 Qe7 28. Qc2 Rh8
29. Rb5 Rh6 30. Rb1 Reh8 31. Bf1 Be5 32. Bg2 hxg3 33. hxg3 Qg5 34. Nb3 Qh5 35.
Rd2 Qh1+ 36. Bxh1 Rxh1+ 0-1

[Event "XIX Dobczyce'2011"]
[Site "Dobczyce, ul. Gorska 31"]
[Date "2011.??.??"]
[Round "6.5"]
[White "Bus, Konrad"]
[Black "Kreft, Wojciech"]
[Result "1-0"]
[WhiteElo "1871"]
[BlackElo "1577"]
[PlyCount "139"]
[EventDate "2011.??.??"]

1. e4 e5 2. Nf3 Nc6 3. Bc4 Be7 4. d4 d6 5. d5 Na5 6. Bd3 b6 7. O-O Nf6 8. c4
O-O 9. Nc3 Ne8 10. Qc2 Nb7 11. Be3 Bd7 12. b4 Qc8 13. Nd2 f5 14. exf5 Bxf5 15.
Bxf5 Qxf5 16. Qxf5 Rxf5 17. Nde4 h6 18. g4 Rf7 19. Kg2 Nf6 20. Kg3 Nxe4+ 21.
Nxe4 Raf8 22. f3 a5 23. a3 Ra8 24. Bd2 g5 25. Kg2 Kh7 26. Ng3 Kg6 27. h3 Bf8
28. Kf2 Bg7 29. Ne4 Rd7 30. Kg3 Rdd8 31. h4 Bf6 32. h5+ Kg7 33. Kf2 Rdc8 34.
Be3 Be7 35. Ke2 Ra7 36. b5 a4 37. Bd2 Nc5 38. Nxc5 dxc5 39. Bc3 Bf6 40. Kd3 Re8
41. Rfe1 Raa8 42. Ke4 Re7 43. Rad1 Rd8 44. Re3 Kf7 45. Red3 Rd6 46. Re3 Bg7 47.
Rde1 Rf6 48. Kd3 Rf4 49. Kd2 Rxc4 50. Bxe5 Bxe5 51. Rxe5 Rd4+ 52. Kc2 Rxe5 53.
Rxe5 Kf6 54. Re6+ Kf7 55. Rxh6 Rxd5 56. Rh7+ Kg8 57. Rxc7 Rd6 58. Rc6 Rd7 59.
Rxb6 Rf7 60. Rg6+ Kh7 61. Rxg5 Rxf3 62. Rxc5 Rxa3 63. g5 Rb3 64. Rc7+ Kg8 65.
Rc5 Rb4 66. Kc3 Rb1 67. Kc2 Rb4 68. g6 a3 69. h6 a2 70. Rc8# 1-0

[Event "XIX Dobczyce'2011"]
[Site "Dobczyce, ul. Gorska 31"]
[Date "2011.??.??"]
[Round "7.1"]
[White "Kreft, Wojciech"]
[Black "Zaboklicki, Zbigniew"]
[Result "1/2-1/2"]
[WhiteElo "1577"]
[BlackElo "1895"]
[PlyCount "114"]
[EventDate "2011.??.??"]

1. d4 Nf6 2. Nf3 e6 3. e3 b6 4. Be2 Bb7 5. O-O Be7 6. Ne5 d6 7. Bf3 c6 8. Nd3
d5 9. b3 Nbd7 10. Bb2 O-O 11. Nd2 c5 12. dxc5 Nxc5 13. Nxc5 bxc5 14. c4 Qb6 15.
Qc2 Rfd8 16. cxd5 Bxd5 17. e4 Bb7 18. e5 Ne8 19. Nc4 Qc7 20. Be4 Bxe4 21. Qxe4
a5 22. Bc3 a4 23. Rfd1 axb3 24. axb3 Rxa1 25. Rxa1 Qd7 26. Ba5 Rb8 27. Nb6 Qb5
28. Qa4 Qxa4 29. bxa4 f6 30. Nd7 Rb7 31. exf6 gxf6 32. Nb6 Nd6 33. Rc1 c4 34.
g3 Rb8 35. Nxc4 Ne4 36. Bc7 Rb7 37. f3 Ng5 38. f4 Rxc7 39. fxg5 fxg5 40. g4
Bc5+ 41. Kg2 Bd4 42. Kf3 Kg7 43. Ke4 Bf6 44. Rc2 Rd7 45. Ne5 Ra7 46. Rc4 Bxe5
47. Kxe5 Kf7 48. Kd6 Ra6+ 49. Kc5 e5 50. Kb5 Rd6 51. a5 Rd8 52. a6 Ke6 53. a7
Kd5 54. Rc2 Ke4 55. Kb6 Kf3 56. Kb7 e4 57. Rc7 e3 1/2-1/2

[Event "XIX Dobczyce'2011"]
[Site "Dobczyce, ul. Gorska 31"]
[Date "2011.??.??"]
[Round "7.2"]
[White "Lach, Piotr"]
[Black "Bus, Konrad"]
[Result "1/2-1/2"]
[WhiteElo "2187"]
[BlackElo "1871"]
[PlyCount "81"]
[EventDate "2011.??.??"]

1. c4 Nf6 2. Nc3 e6 3. e4 d5 4. e5 d4 5. exf6 dxc3 6. bxc3 Qxf6 7. d4 c5 8. Nf3
h6 9. Be2 cxd4 10. cxd4 Bb4+ 11. Kf1 O-O 12. Bb2 Qe7 13. Ne5 Nd7 14. Nd3 Bd6
15. Bg4 Nf6 16. Bf3 Rd8 17. Qb3 Rb8 18. Ne5 Nd7 19. Nd3 Nf6 20. Ne5 Nd7 21. Nd3
Nf6 22. g3 b6 23. Kg2 Bb7 24. Bxb7 Qxb7+ 25. f3 Nd7 26. Rac1 Be7 27. a4 Bf6 28.
Rhd1 Qa8 29. Nf2 g6 30. Ne4 Bg7 31. Ba3 f5 32. Nd6 Kh7 33. Nf7 Re8 34. Nd6 Red8
35. Nf7 Re8 36. Qb5 Nf6 37. Bd6 Rbc8 38. Be5 Re7 39. Nd6 Rd8 40. Kf2 g5 41. Rd3
1/2-1/2

[Event "XIX Dobczyce'2011"]
[Site "Dobczyce, ul. Gorska 31"]
[Date "2011.??.??"]
[Round "7.3"]
[White "Chmiel, Marcin"]
[Black "Klementys, Jerzy"]
[Result "1-0"]
[WhiteElo "1865"]
[BlackElo "1802"]
[PlyCount "33"]
[EventDate "2011.??.??"]

1. e4 c5 2. Nf3 d6 3. d4 cxd4 4. Qxd4 Nc6 5. Bb5 Bd7 6. Bxc6 Bxc6 7. Nc3 Nf6 8.
Bg5 e5 9. Qd3 h6 10. Bxf6 Qxf6 11. O-O-O O-O-O 12. Nd5 Qg6 13. g3 Bxd5 14. Qxd5
Kb8 15. Nxe5 Qf6 16. Nxf7 Rd7 17. Nxh8 1-0

[Event "XIX Dobczyce'2011"]
[Site "Dobczyce, ul. Gorska 31"]
[Date "2011.??.??"]
[Round "7.4"]
[White "Zajac, Mateusz"]
[Black "Sleczka, Bartosz"]
[Result "1-0"]
[WhiteElo "1904"]
[BlackElo "1881"]
[PlyCount "76"]
[EventDate "2011.??.??"]

1. Nf3 Nf6 2. g3 g6 3. d4 Bg7 4. c4 O-O 5. Bg2 c6 6. O-O d6 7. Nc3 Nbd7 8. e4
e5 9. d5 Nc5 10. Qc2 a5 11. Be3 Na6 12. a3 Bd7 13. Rab1 Rc8 14. dxc6 bxc6 15.
c5 Ng4 16. cxd6 Nxe3 17. fxe3 Qb6 18. Rfe1 c5 19. Nd2 c4 20. Bf1 Be6 21. Nd5
Bxd5 22. exd5 Qxd6 23. e4 Qc5+ 24. Kg2 Qa7 25. Bxc4 Bh6 26. b3 a4 27. Nf3 axb3
28. Qxb3 Nc5 29. Qa2 Na4 30. Rb4 Bg7 31. d6 Bf6 32. Bd5 Nc3 33. Qb3 Nxd5 34.
exd5 e4 35. Rexe4 Rc3 36. Rb7 Qc5 37. Rc7 Rxb3 38. Rxc5 Rxa3 1-0

[Event "XIX Dobczyce'2011"]
[Site "Dobczyce, ul. Gorska 31"]
[Date "2011.??.??"]
[Round "7.5"]
[White "Liscinsky, Martin"]
[Black "Watorek, Marcin"]
[Result "0-1"]
[WhiteElo "1773"]
[BlackElo "2125"]
[PlyCount "54"]
[EventDate "2011.??.??"]

1. e4 c5 2. Nf3 e6 3. d4 cxd4 4. Nxd4 Nf6 5. Nc3 Nc6 6. Be3 Bb4 7. Bd3 d5 8.
Nxc6 bxc6 9. exd5 cxd5 10. O-O O-O 11. Bf4 Bb7 12. Nb5 a6 13. c3 Bc5 14. Nd4
Re8 15. Re1 Ne4 16. Nb3 Bxf2+ 17. Kh1 Bxe1 18. Qxe1 Rc8 19. Qf1 e5 20. Bxe4
dxe4 21. Be3 Qd3 22. Qf2 Rcd8 23. h4 Bc6 24. Rf1 f5 25. Nc5 Qd5 26. Nxa6 f4 27.
Bb6 e3 0-1

[Event "XIX Dobczyce'2011"]
[Site "Dobczyce, ul. Gorska 31"]
[Date "2011.??.??"]
[Round "8.1"]
[White "Zaboklicki, Zbigniew"]
[Black "Watorek, Marcin"]
[Result "0-1"]
[WhiteElo "1895"]
[BlackElo "2125"]
[PlyCount "92"]
[EventDate "2011.??.??"]

1. Nf3 d5 2. d4 c5 3. e3 Nc6 4. c4 Nf6 5. Nc3 e6 6. Be2 dxc4 7. Bxc4 cxd4 8.
exd4 Be7 9. O-O O-O 10. h3 a6 11. Bf4 b5 12. Bb3 Nb4 13. Qe2 Bb7 14. Rfd1 Nbd5
15. Be5 Nxc3 16. bxc3 Rc8 17. Bxf6 Bxf6 18. Rac1 Qa5 19. Qe3 Rfd8 20. Re1 Bd5
21. Ne5 Bxe5 22. dxe5 Qa3 23. Bc2 Qxa2 24. Be4 Bxe4 25. Qxe4 Qd5 26. Qg4 Qb3
27. Re3 Qb2 28. Rd1 g6 29. h4 Qc2 30. Rd6 Rxd6 31. exd6 Qb1+ 32. Kh2 Qf5 33.
Qg3 Rd8 34. Re5 Qf6 35. Rc5 e5 36. Qxe5 Qxe5+ 37. Rxe5 Rxd6 38. Re8+ Kg7 39.
Ra8 h5 40. Ra7 Kf6 41. f3 Rc6 42. Kg3 Ke6 43. Kf2 Kd5 44. Ke2 Kc4 45. Kd2 Kb3
46. Rxf7 Rd6+ 0-1

[Event "XIX Dobczyce'2011"]
[Site "Dobczyce, ul. Gorska 31"]
[Date "2011.??.??"]
[Round "8.2"]
[White "Sleczka, Bartosz"]
[Black "Liscinsky, Martin"]
[Result "1-0"]
[WhiteElo "1881"]
[BlackElo "1773"]
[PlyCount "41"]
[EventDate "2011.??.??"]

1. e4 e6 2. d4 d5 3. Nc3 dxe4 4. Nxe4 Nd7 5. Nf3 Ngf6 6. Nxf6+ Nxf6 7. Bc4 Be7
8. O-O O-O 9. Qe2 b6 10. c3 Bb7 11. Re1 Nd5 12. Bd3 h6 13. Qe4 g6 14. Bxh6 Re8
15. Ne5 f5 16. Qf3 Bg5 17. Bxg5 Qxg5 18. c4 Kg7 19. cxd5 Bxd5 20. Qg3 Qh6 21.
Rac1 1-0

[Event "XIX Dobczyce'2011"]
[Site "Dobczyce, ul. Gorska 31"]
[Date "2011.??.??"]
[Round "8.3"]
[White "Klementys, Jerzy"]
[Black "Zajac, Mateusz"]
[Result "1/2-1/2"]
[WhiteElo "1802"]
[BlackElo "1904"]
[PlyCount "104"]
[EventDate "2011.??.??"]

1. d4 Nf6 2. c4 e6 3. Nc3 Bb4 4. Qc2 O-O 5. a3 Bxc3+ 6. Qxc3 b6 7. Nf3 Ba6 8.
Bg5 d6 9. e3 Nbd7 10. Be2 c5 11. O-O Ne4 12. Bxd8 Nxc3 13. bxc3 Rfxd8 14. Rfe1
Rac8 15. Nd2 Nb8 16. a4 Nc6 17. d5 Na5 18. e4 e5 19. Bd3 Rf8 20. g4 g6 21. h4
Kg7 22. Kg2 Rh8 23. Rh1 h5 24. g5 Rcf8 25. Raf1 f6 26. f4 exf4 27. Rxf4 fxg5
28. Rxf8 Rxf8 29. hxg5 Rf4 30. Be2 Bc8 31. Kg3 Rf8 32. Rh4 Bd7 33. Bd1 Nb7 34.
Rf4 Nd8 35. Rxf8 Kxf8 36. Kf4 Nf7 37. Nf3 Bg4 38. Be2 Bxf3 39. Bxf3 Ke7 40. Be2
Kd7 41. Bd1 Ne5 42. Be2 Kc7 43. Kg3 Kd7 44. Kh4 Ke7 45. Kg3 Kf7 46. Kh4 Kg7 47.
Kg3 Nf7 48. Kh4 Kf8 49. Bd1 Ke7 50. Be2 Ne5 51. Kg3 Nf7 52. Kh4 Ne5 1/2-1/2

[Event "XIX Dobczyce'2011"]
[Site "Dobczyce, ul. Gorska 31"]
[Date "2011.??.??"]
[Round "8.4"]
[White "Bus, Konrad"]
[Black "Chmiel, Marcin"]
[Result "1/2-1/2"]
[WhiteElo "1871"]
[BlackElo "1865"]
[PlyCount "41"]
[EventDate "2011.??.??"]

1. e4 e5 2. Nf3 Nc6 3. Bc4 Nf6 4. d3 Bc5 5. Nc3 d6 6. Bg5 h6 7. Bxf6 Qxf6 8.
Nd5 Qd8 9. c3 a6 10. b4 Ba7 11. O-O O-O 12. Ne3 Be6 13. Qb3 Qe7 14. a4 Rae8 15.
Qa2 Bxe3 16. fxe3 Bxc4 17. Qxc4 Qe6 18. Qxe6 fxe6 19. d4 exd4 20. exd4 Rf4 21.
Nd2 1/2-1/2

[Event "XIX Dobczyce'2011"]
[Site "Dobczyce, ul. Gorska 31"]
[Date "2011.??.??"]
[Round "8.5"]
[White "Kreft, Wojciech"]
[Black "Lach, Piotr"]
[Result "0-1"]
[WhiteElo "1577"]
[BlackElo "2187"]
[PlyCount "107"]
[EventDate "2011.??.??"]

1. e4 c5 2. Nf3 d6 3. d4 cxd4 4. Nxd4 Nf6 5. Nc3 a6 6. Be2 e5 7. Nb3 Be7 8. Bf3
Be6 9. Be3 O-O 10. O-O Nbd7 11. Be2 Qc7 12. f4 exf4 13. Bxf4 Ne5 14. Nd5 Nxd5
15. exd5 Bd7 16. Be3 Rac8 17. c3 Nc4 18. Bxc4 Qxc4 19. Qd4 Qc7 20. Rf3 f5 21.
Re1 Rce8 22. Qb6 Qxb6 23. Bxb6 Bd8 24. Bf2 Rxe1+ 25. Bxe1 Re8 26. Kf2 Bb6+ 27.
Nd4 Re5 28. Rd3 Rxd5 29. Kg1 Re5 30. Kf2 Bb5 31. Rd2 Kf7 32. b3 Ke7 33. c4 Re4
34. cxb5 Rxd4 35. Re2+ Re4+ 36. Kf3 Rxe2 37. Kxe2 axb5 38. a3 Ke6 39. Bd2 Kd5
40. Bf4 Bd8 41. Be3 Bf6 42. h3 g5 43. Bb6 h5 44. Bf2 Be5 45. Bb6 f4 46. Bf2 Ke6
47. Bb6 g4 48. hxg4 hxg4 49. Bf2 Kf5 50. a4 bxa4 51. bxa4 d5 52. Bg1 f3+ 53.
gxf3 g3 54. Kd2 0-1

[Event "XIX Dobczyce'2011"]
[Site "Dobczyce, ul. Gorska 31"]
[Date "2011.??.??"]
[Round "9.1"]
[White "Lach, Piotr"]
[Black "Zaboklicki, Zbigniew"]
[Result "1-0"]
[WhiteElo "2187"]
[BlackElo "1895"]
[PlyCount "100"]
[EventDate "2011.??.??"]

1. e4 c5 2. Nf3 Nc6 3. d4 cxd4 4. Nxd4 Nf6 5. Nc3 e5 6. Ndb5 d6 7. a4 a6 8. Na3
Be6 9. Bg5 Be7 10. Bxf6 Bxf6 11. Bc4 O-O 12. Bd5 Be7 13. O-O Rc8 14. Nc4 Nb4
15. Ne3 Nxd5 16. Ncxd5 Bg5 17. Qd3 Bxe3 18. Nxe3 Qc7 19. b3 Qc5 20. Rfd1 Rfd8
21. a5 Qc3 22. h3 Qxd3 23. Rxd3 Kf8 24. c4 Ke7 25. Rd2 g6 26. Nc2 f5 27. f3 Rc5
28. Kf2 f4 29. h4 Rcc8 30. g3 fxg3+ 31. Kxg3 Rd7 32. Nb4 Rf8 33. Nd3 Rf6 34.
Rad1 Ke8 35. Ne1 Ke7 36. Rd3 h6 37. Ng2 g5 38. hxg5 hxg5 39. Rh1 Kd8 40. Rh5
Rg6 41. Ne3 Kc7 42. Nf5 Rg8 43. Kg4 Rdg7 44. Rh6 Rg6 45. Rh7+ Bd7 46. c5 Kc6
47. cxd6 Bxf5+ 48. exf5 Rxd6 49. Rc3+ Kb5 50. Rxb7+ Kxa5 1-0

[Event "XIX Dobczyce'2011"]
[Site "Dobczyce, ul. Gorska 31"]
[Date "2011.??.??"]
[Round "9.2"]
[White "Chmiel, Marcin"]
[Black "Kreft, Wojciech"]
[Result "1-0"]
[WhiteElo "1865"]
[BlackElo "1577"]
[PlyCount "89"]
[EventDate "2011.??.??"]

1. e4 e5 2. Nf3 Nc6 3. d4 exd4 4. Nxd4 Nxd4 5. Qxd4 d6 6. Nc3 Nf6 7. Bg5 Be7 8.
O-O-O O-O 9. Be2 Nxe4 10. Bxe7 Nxc3 11. Qh4 Nxe2+ 12. Kd2 Qd7 13. Bxf8 b6 14.
Qe4 d5 15. Qxe2 Kxf8 16. Rhe1 c5 17. Kc1 Bb7 18. Qh5 h6 19. Re5 Re8 20. Rde1
Rxe5 21. Qxe5 Qd8 22. f4 d4 23. g4 Bd5 24. g5 hxg5 25. fxg5 d3 26. cxd3 Bxa2
27. h4 Be6 28. Re3 Qd7 29. h5 Qa4 30. h6 Qa1+ 31. Kd2 gxh6 32. gxh6 Qa5+ 33.
Ke2 Qa4 34. h7 Qc2+ 35. Kf1 Qd1+ 36. Kf2 Qd2+ 37. Re2 Qxd3 38. h8=Q+ Ke7 39.
Qef6+ Kd6 40. Qhd8+ Kc6 41. Rxe6+ Qd6 42. Rxd6+ Kb5 43. Rxb6+ axb6 44. Qdxb6+
Ka4 45. Qfc6# 1-0

[Event "XIX Dobczyce'2011"]
[Site "Dobczyce, ul. Gorska 31"]
[Date "2011.??.??"]
[Round "9.3"]
[White "Zajac, Mateusz"]
[Black "Bus, Konrad"]
[Result "0-1"]
[WhiteElo "1904"]
[BlackElo "1871"]
[PlyCount "136"]
[EventDate "2011.??.??"]

1. d4 d5 2. c4 e6 3. Nf3 c5 4. cxd5 exd5 5. Nc3 Nf6 6. Bg5 Be6 7. e3 Nc6 8. Bb5
a6 9. Bxc6+ bxc6 10. O-O Be7 11. Rc1 c4 12. b3 cxb3 13. axb3 O-O 14. Na4 Rc8
15. Nc5 Qb6 16. Bxf6 Bxf6 17. Ra1 Ra8 18. Qd3 a5 19. Rfc1 Rfc8 20. Qc3 Ra7 21.
h3 h6 22. Ne1 Be7 23. Ned3 Bf5 24. Na4 Qb5 25. Ndc5 Bd6 26. Ra2 Rb8 27. Kh1 g5
28. Re1 Re8 29. Raa1 Bg6 30. Qb2 f5 31. f3 Rae7 32. Qf2 Qb8 33. Na6 Qxb3 34.
N6c5 Bxc5 35. Nxc5 Qb6 36. Qd2 Qb4 37. Qf2 f4 38. e4 dxe4 39. fxe4 Bxe4 40.
Rxe4 Rxe4 41. Nxe4 Rxe4 42. Qc2 Re1+ 43. Rxe1 Qxe1+ 44. Kh2 Qe6 45. d5 cxd5 46.
Qa4 Qd6 47. Qxa5 d4 48. Qa8+ Kg7 49. Qb7+ Kf6 50. Qh7 Ke5 51. Qd3 Qc6 52. Qe2+
Kf6 53. Qh5 Kg7 54. Qe2 Qd6 55. Qd3 f3+ 56. Kg1 fxg2 57. Kxg2 Qf4 58. Qb5 Qe4+
59. Kg1 Qe3+ 60. Kg2 h5 61. Qd7+ Kf6 62. Qd8+ Kf5 63. Qf8+ Ke4 64. Qe7+ Kd3 65.
Qa3+ Ke2 66. Qa2+ Qd2 67. Qe6+ Kd1+ 68. Kh1 Qe1+ 0-1

[Event "XIX Dobczyce'2011"]
[Site "Dobczyce, ul. Gorska 31"]
[Date "2011.??.??"]
[Round "9.4"]
[White "Liscinsky, Martin"]
[Black "Klementys, Jerzy"]
[Result "0-1"]
[WhiteElo "1773"]
[BlackElo "1802"]
[PlyCount "70"]
[EventDate "2011.??.??"]

1. e4 c5 2. Nf3 d6 3. d4 cxd4 4. Nxd4 Nf6 5. Nc3 a6 6. f3 e5 7. Nb3 Qc7 8. Be3
Be6 9. Nd5 Nxd5 10. exd5 Bf5 11. Bd3 Bxd3 12. Qxd3 Nd7 13. O-O Be7 14. Rfc1 O-O
15. a4 b6 16. c4 Nc5 17. Qc3 Rab8 18. Nd2 a5 19. Nb1 f5 20. Na3 Bf6 21. Nb5 Qd8
22. Qc2 f4 23. Bxc5 bxc5 24. Rab1 Rb7 25. Re1 Bh4 26. Re2 g5 27. Qe4 Rg7 28. b4
cxb4 29. h3 h5 30. g4 fxg3 31. Nxd6 Qxd6 32. Qxe5 Qc5+ 33. Re3 Qxc4 34. Qe6+
Kh7 35. Rbe1 Qc2 0-1

[Event "XIX Dobczyce'2011"]
[Site "Dobczyce, ul. Gorska 31"]
[Date "2011.??.??"]
[Round "9.5"]
[White "Watorek, Marcin"]
[Black "Sleczka, Bartosz"]
[Result "1-0"]
[WhiteElo "2125"]
[BlackElo "1881"]
[PlyCount "93"]
[EventDate "2011.??.??"]

1. d4 d5 2. c4 e6 3. Nc3 Nf6 4. Bg5 Be7 5. Nf3 c6 6. e3 Nbd7 7. Qc2 O-O 8.
O-O-O dxc4 9. Bxc4 Nd5 10. h4 h6 11. Bxe7 Qxe7 12. g4 b5 13. Nxd5 exd5 14. Bd3
Qf6 15. Qe2 Qd6 16. g5 h5 17. g6 fxg6 18. Rdg1 Rf6 19. Rg3 Nf8 20. Ne5 Bf5 21.
Rhg1 Bxd3 22. Qxd3 Kh7 23. Rg5 Kh6 24. Rxg6+ Nxg6 25. Rxg6+ Rxg6 26. Nf7+ Kh7
27. Nxd6 Rf8 28. f4 Rff6 29. Nf5 Kh8 30. Ne7 Rg4 31. f5 Re4 32. Qa3 Kh7 33. Ng6
Rxf5 34. Nf4 Rf7 35. Kd2 Kh6 36. Qd6+ Rf6 37. Qb8 Kh7 38. Qxa7 Kh6 39. Qa8 Kh7
40. Qb7 Kh6 41. Qc8 Kh7 42. Kd3 g6 43. Qd7+ Kg8 44. b3 b4 45. Qc8+ Kf7 46. Qb7+
Re7 47. Qxb4 1-0